000 00685nab a2200313Ia 4500
001 6457
008 191123s9999 xx 000 0 und d
041 _aspa
044 _aag
260 _aBuenos Aires :
_b[s.n.],
_c1956.
300 _a1 p.
_bilus. b/n
650 _aARGENTINA
650 _aBALLET
650 _aCHARRAT, JANINE,
650 _aFRANCIA
650 _aTEATRO COLON. BUENOS AIRES
902 _aS
903 _aa
904 _aas
907 _aImpreso
911 _ailus. b/n
912 _a1956
920 _a14, n.149-151
942 _cANALITICA
999 _c14002
_d14002
490 0 _aLyra
245 0 _aJanine Charrat y la danza
550 _ailus. b/n